|
|
|
|
| LEADER |
00000nab a2200000 ar4500 |
| 001 |
vtls009153134 |
| 003 |
SK-MaSNL |
| 005 |
20260318124816.0 |
| 008 |
071010c20071010xo |||||||| 000 b|hun |
| 015 |
|
|
|a SNBRB2007/10
|2 snkbucl
|
| 038 |
|
|
|a SNKBUCL
|
| 040 |
|
|
|a DSZK
|b slo
|c DSZK
|e AACR2
|
| 041 |
0 |
|
|a hun
|
| 044 |
|
|
|a xo
|c SK
|
| 080 |
|
|
|a 323.1
|x (437.6)
|2 1997
|
| 080 |
|
|
|a 327
|x (437.6:439)
|2 1997
|
| 080 |
|
|
|a 316.001.361
|x (=162.4)
|2 1997
|
| 080 |
|
|
|a 316.001.361
|x (=511.141)
|2 1997
|
| 080 |
|
|
|a 327
|x (439:437.6)
|2 1997
|
| 100 |
1 |
|
|a Fekete, György
|4 aut
|9 636735
|
| 245 |
1 |
0 |
|a Szvatoplukkal vagy Árpáddal
|c Fekete György
|
| 650 |
0 |
7 |
|a Slováci
|2 SNKPH
|9 22552
|
| 650 |
0 |
7 |
|a medzinárodné vzťahy
|2 SNKPH
|9 3690
|
| 650 |
0 |
7 |
|a Maďari
|2 SNKPH
|9 18097
|
| 650 |
0 |
7 |
|a národná identita
|2 snkbucl
|9 1665
|
| 773 |
0 |
|
|t Új szó
|g Évf. 60, sz. 233 (10.10.2007), o. 8
|
| 852 |
|
|
|a SNK
|b KIS3GCP
|
| 852 |
|
|
|a DSZK
|b KIS3GCP
|
| 958 |
|
|
|a HU
|
| 958 |
|
|
|a SK
|
| 999 |
|
|
|c 2575121
|d 2577051
|